| 000 | 00946 a2200169 4500 | ||
|---|---|---|---|
| 003 | Nust | ||
| 005 | 20230126154053.0 | ||
| 040 | _cNust | ||
| 082 | _a842,SAM | ||
| 100 |
_aSampson,George _9107810 |
||
| 245 |
_aThe Concise Cambridge History of English Literature / _cGeorge Sampson |
||
| 260 |
_aNew York _bMacmillan |
||
| 300 | _a1094:p | ||
| 505 | _aFrom the Beginnings to the Cycles of Romance. The End of the Middle Ages. Renascence and Reformation. Prose and Poetry Sir Thomas North to Michael Drayton. The Drama to 1642. The Drama to 1962 part-2. Cavalier and Puritan. The Age of Dryden. From Steele and Addison to Pope and Swift. The Age of Johnson. The Period of the French Revolution. The Nineteenth Century: Part-1. The Nineteenth Century: Part-2. The Nineteenth Century: Part-3 and Post-Victorian Literature. Late-Victorian and Post-Victorian Literature. | ||
| 650 |
_aHistory of English Literature _9107811 |
||
| 942 |
_2ddc _cBK |
||
| 999 |
_c186073 _d186073 |
||